[Event "EU-ch 23rd"]
[Site "Vrnjacka Banja"]
[Date "2023.03.06"]
[Round "4"]
[White "Arandjelovic, Aleksandar Z"]
[Black "Konstantinidis, Konstantinos"]
[Result "1/2-1/2"]
[WhiteElo "1828"]
[BlackElo "2047"]
[PlyCount "88"]
[EventDate "2023.03.03"]
[EventType "swiss"]
[EventRounds "11"]
[EventCountry "SRB"]
[SourceTitle "CBM 213"]
[Source "ChessBase"]
[SourceDate "2023.04.30"]
[SourceVersion "1"]
[SourceVersionDate "2023.04.30"]
[SourceQuality "1"]

1. d4 Nf6 2. c4 g6 3. Nc3 Bg7 4. e4 d6 5. f3 0-0 6. Be3 c5 7. dxc5 dxc5 8. Qxd8 Rxd8 9. Bxc5 Nc6 10. Nd5 Nd7 11. Bxe7 Nxe7 12. Nxe7+ Kf8 13. Nd5 Bxb2 14. Rb1 Bg7 15. h4 Nc5 16. h5 f5 17. hxg6 hxg6 18. Nh3 fxe4 19. Ng5 exf3 20. gxf3 Bf5 21. Rd1 Re8+ 22. Kf2 Rac8 23. Bh3 Bxh3 24. Rxh3 Ne6 25. Nxe6+ Rxe6 26. Nf4 Rf6 27. Rd4 Kg8 28. Re4 Bf8 29. Nd5 Rf7 30. Rg3 Rc6 31. Rgg4 Ra6 32. Re2 Kg7 33. Nf4 Re7 34. Rd2 Kf7 35. Nd5 Re5 36. Rf4+ Kg7 37. Nc7 Rd6 38. Rd5 Rdxd5 39. cxd5 Bc5+ 40. Kf1 Bd6 41. Rc4 Kf6 42. Nb5 Rxd5 43. Nxa7 Rd2 44. Nb5 Kf5 1/2-1/2

[Event "EU-ch 23rd"]
[Site "Vrnjacka Banja"]
[Date "2023.03.04"]
[Round "2"]
[White "Remolar Gallen, Jose"]
[Black "Konstantinidis, Konstantinos"]
[Result "1-0"]
[WhiteElo "2290"]
[BlackElo "2047"]
[PlyCount "77"]
[EventDate "2023.03.03"]
[EventType "swiss"]
[EventRounds "11"]
[EventCountry "SRB"]
[SourceTitle "CBM 213"]
[Source "ChessBase"]
[SourceDate "2023.04.30"]
[SourceVersion "1"]
[SourceVersionDate "2023.04.30"]
[SourceQuality "1"]

1. Nf3 Nf6 2. d4 g6 3. c4 Bg7 4. g3 0-0 5. Bg2 d6 6. 0-0 Nbd7 7. Nc3 e5 8. e4 exd4 9. Nxd4 Re8 10. h3 Nc5 11. Re1 Bd7 12. b3 a5 13. a4 Qc8 14. Kh2 Re5 15. f3 Rh5 16. h4 Re5 17. Qc2 Re8 18. Be3 Nh5 19. Rad1 c6 20. Nde2 Qc7 21. Rd2 f5 22. Red1 Rad8 23. Rxd6 Ne6 24. exf5 Nf8 25. Bg5 Bxf5 26. Bxd8 Qxd6 27. Qc1 Qe5 28. Bb6 Ne6 29. f4 Qf6 30. Qd2 Bg4 31. Ne4 Qf8 32. Nd6 Re7 33. Re1 Rd7 34. c5 Nf6 35. Nd4 Nxd4 36. Qxd4 Be6 37. Qd1 Ng4+ 38. Kg1 Bf7 39. Qxg4 1-0

[Event "EU-ch 23rd"]
[Site "Vrnjacka Banja"]
[Date "2023.03.03"]
[Round "1"]
[White "Konstantinidis, Konstantinos"]
[Black "Erdogmus, Yagiz Kaan"]
[Result "0-1"]
[WhiteElo "2047"]
[BlackElo "2445"]
[PlyCount "92"]
[EventDate "2023.03.03"]
[EventType "swiss"]
[EventRounds "11"]
[EventCountry "SRB"]
[SourceTitle "CBM 213"]
[Source "ChessBase"]
[SourceDate "2023.04.30"]
[SourceVersion "1"]
[SourceVersionDate "2023.04.30"]
[SourceQuality "1"]

1. e4 c5 2. Nf3 d6 3. d4 cxd4 4. Nxd4 Nf6 5. Nc3 a6 6. h3 e5 7. Nde2 h5 8. g3 Be7 9. Bg2 b5 10. 0-0 Bb7 11. Nd5 Nxd5 12. exd5 Nd7 13. a4 b4 14. a5 Rb8 15. Bd2 Bc8 16. Ra4 b3 17. cxb3 Nc5 18. Rb4 Bf5 19. Rxb8 Qxb8 20. b4 Nd7 21. Bc3 0-0 22. Qd2 Nf6 23. Kh2 Qb5 24. Rd1 Be4 25. Bxe4 Nxe4 26. Qe3 f5 27. Kg2 Rb8 28. f4 Bf6 29. Qd3 Kf7 30. Qxb5 Rxb5 31. Kf3 g6 32. g4 h4 33. gxf5 gxf5 34. Ke3 Ke7 35. Kf3 Kd7 36. Nc1 Nxc3 37. bxc3 e4+ 38. Ke2 Bxc3 39. Rg1 Rxd5 40. Rg8 Rd2+ 41. Ke3 d5 42. Nb3 d4+ 43. Nxd4 Rd3+ 44. Ke2 Bxd4 45. Rg6 Rxh3 46. Rxa6 Rh2+ 0-1

[Event "Thessaloniki White Tower op-A 2nd"]
[Site "Thessaloniki"]
[Date "2023.01.05"]
[Round "5"]
[White "Bozanis, Dimitrios"]
[Black "Konstantinidis, Konstantinos"]
[Result "1/2-1/2"]
[WhiteElo "2008"]
[BlackElo "2073"]
[PlyCount "51"]
[EventDate "2023.01.02"]
[EventType "swiss"]
[EventRounds "9"]
[EventCountry "GRE"]
[SourceTitle "CBM 212 Extra"]
[Source "ChessBase"]
[SourceDate "2023.03.31"]
[SourceVersion "1"]
[SourceVersionDate "2023.03.31"]
[SourceQuality "1"]

1. e4 c5 2. Nf3 Nc6 3. d4 cxd4 4. Nxd4 e5 5. Nb5 d6 6. N1c3 a6 7. Na3 b5 8. Nd5 Nf6 9. Bg5 Qa5+ 10. Bd2 Qd8 11. Bg5 Qa5+ 12. Bd2 Qd8 13. Bg5 Be7 14. Bxf6 Bxf6 15. c4 b4 16. Nc2 a5 17. Be2 0-0 18. 0-0 g6 19. Bg4 Bb7 20. Qd3 Bg7 21. Rad1 Nd4 22. Nxd4 exd4 23. b3 Ra7 24. g3 Re8 25. Bf3 Bxd5 26. exd5 1/2-1/2

[Event "Thessaloniki White Tower op-A 2nd"]
[Site "Thessaloniki"]
[Date "2023.01.03"]
[Round "2"]
[White "Konstantinidis, Konstantinos"]
[Black "Skodras, Marios Konstantinos"]
[Result "1-0"]
[WhiteElo "2073"]
[BlackElo "1563"]
[PlyCount "67"]
[EventDate "2023.01.02"]
[EventType "swiss"]
[EventRounds "9"]
[EventCountry "GRE"]
[SourceTitle "CBM 212 Extra"]
[Source "ChessBase"]
[SourceDate "2023.03.31"]
[SourceVersion "1"]
[SourceVersionDate "2023.03.31"]
[SourceQuality "1"]

1. e4 e5 2. Nf3 Nc6 3. Bb5 a6 4. Ba4 Nf6 5. d3 b5 6. Bb3 Bc5 7. Nbd2 0-0 8. 0-0 d6 9. c3 Bg4 10. Re1 Ne7 11. Nf1 Ng6 12. h3 Bxf3 13. Qxf3 c6 14. Ng3 Nh4 15. Qe2 h6 16. a4 Qb6 17. Rf1 b4 18. Rb1 g5 19. Be3 Kh7 20. Qd2 Qa5 21. Bxg5 Nf3+ 22. gxf3 Rg8 23. Be3 Nh5 24. Bxf7 Bxe3 25. Qxe3 Nf4 26. Bxg8+ Rxg8 27. Qa7+ Rg7 28. Qb8 Qxa4 29. Kh2 Qc2 30. Qxd6 Rg6 31. Qxe5 Nxd3 32. Qd4 Nf4 33. Qd7+ Kg8 34. Qe8+ 1-0

[Event "GRE-chT2 48th"]
[Site "Thessaloniki"]
[Date "2021.10.10"]
[Round "7.1"]
[White "Kanakaris, Georgios"]
[Black "Konstantinidis, Konstantinos"]
[Result "1-0"]
[WhiteElo "2393"]
[BlackElo "2078"]
[PlyCount "67"]
[EventDate "2021.10.05"]
[EventType "team-swiss"]
[EventRounds "7"]
[EventCountry "GRE"]
[SourceTitle "CBM 204 Extra"]
[Source "ChessBase"]
[SourceDate "2021.11.30"]
[SourceVersion "1"]
[SourceVersionDate "2021.11.30"]
[SourceQuality "1"]
[WhiteTeam "Kavalas"]
[BlackTeam "Thessaloniki Aris"]
[WhiteTeamCountry "GRE"]
[BlackTeamCountry "GRE"]

1. d4 Nf6 2. Nf3 g6 3. g3 Bg7 4. Bg2 0-0 5. 0-0 d6 6. b3 a5 7. a4 c6 8. Bb2 Qc7 9. Re1 Re8 10. e4 e5 11. dxe5 dxe5 12. Na3 Bg4 13. h3 Bxf3 14. Qxf3 Na6 15. Rad1 Nd7 16. Nc4 Ndc5 17. Ba3 Bf8 18. h4 h5 19. Bh3 Rad8 20. Bb2 Bg7 21. Qe2 Nb4 22. f3 Kh7 23. Kh2 f6 24. Bc1 Rxd1 25. Rxd1 Rd8 26. Be3 Bf8 27. Rd2 Be7 28. Qd1 Nba6 29. Rxd8 Qxd8 30. Qd2 Qxd2+ 31. Bxd2 Nb4 32. Bxb4 axb4 33. a5 Kg7 34. Bc8 1-0

[Event "Kavala op 30th"]
[Site "Kavala"]
[Date "2021.08.08"]
[Round "9"]
[White "Konstantinidis, Konstantinos"]
[Black "Klimentov, Roman"]
[Result "1/2-1/2"]
[WhiteElo "2057"]
[BlackElo "2183"]
[PlyCount "61"]
[EventDate "2021.08.01"]
[EventType "swiss"]
[EventRounds "9"]
[EventCountry "GRE"]
[SourceTitle "CBM 203 Extra"]
[Source "ChessBase"]
[SourceDate "2021.09.30"]
[SourceVersion "1"]
[SourceVersionDate "2021.09.30"]
[SourceQuality "1"]

1. d4 Nf6 2. Nf3 g6 3. g3 Bg7 4. Bg2 0-0 5. 0-0 d6 6. a4 a5 7. Nc3 Nbd7 8. e4 e5 9. Re1 c6 10. h3 Qc7 11. Be3 Re8 12. Qd2 Nf8 13. Rad1 Be6 14. Ng5 Rad8 15. Nxe6 Nxe6 16. d5 Nd4 17. g4 Nd7 18. Ne2 cxd5 19. Nxd4 exd4 20. Bxd4 Bxd4 21. Qxd4 dxe4 22. Bxe4 Nc5 23. Bd5 Ne6 24. Qd2 b6 25. Re4 Nc5 26. Rf4 Re7 27. Re1 Rf8 28. Re3 Re5 29. Ref3 Ne6 30. Bxe6 Rxe6 31. Kg2 1/2-1/2

[Event "Thessaloniki/Chalkidiki-chT"]
[Site "Thessaloniki/Chalkidiki"]
[Date "2019.03.24"]
[Round "9.2"]
[White "Konstantinidis, Konstantinos"]
[Black "Vourtsas, Athanasios"]
[Result "0-1"]
[WhiteElo "2056"]
[BlackElo "2043"]
[PlyCount "102"]
[EventDate "2019.01.13"]
[EventType "team-tourn"]
[EventRounds "9"]
[EventCountry "GRE"]
[SourceTitle "EXT 2020"]
[Source "ChessBase"]
[SourceDate "2019.10.17"]
[SourceVersion "1"]
[SourceVersionDate "2019.10.17"]
[SourceQuality "1"]
[WhiteTeam "Thessaloniki Aris"]
[BlackTeam "Polygyrou ASO"]
[WhiteTeamCountry "GRE"]
[BlackTeamCountry "GRE"]

1. d4 Nf6 2. Nf3 d6 3. Bf4 Nbd7 4. Nbd2 g6 5. e4 Bg7 6. c3 0-0 7. Bc4 e5 8. dxe5 dxe5 9. Nxe5 Qe7 10. Nxf7 Rxf7 11. Qb3 Nc5 12. Bxf7+ Qxf7 13. Qxf7+ Kxf7 14. Bxc7 Ne8 15. Bg3 Nd3+ 16. Ke2 Nxb2 17. Rhc1 b6 18. c4 Ba6 19. e5 Rc8 20. Ke3 Bh6+ 21. f4 Ng7 22. Kd4 Ne6+ 23. Ke3 Rc5 24. Kf3 Bb7+ 25. Ke2 Nxf4+ 26. Bxf4 Bxf4 27. Rc2 Rxe5+ 28. Kf1 Bxd2 29. Rxd2 Nxc4 30. Rd7+ Re7 31. Rxe7+ Kxe7 32. Kf2 b5 33. Re1+ Kf6 34. Re8 a5 35. Rf8+ Kg7 36. Rb8 Bc6 37. Rc8 Bd7 38. Rc7 Ne5 39. Ke3 Kf6 40. Kd4 Ke6 41. h4 Kd6 42. Rc2 Nc6+ 43. Ke3 Bf5 44. Rd2+ Ke5 45. Kf3 Be4+ 46. Ke3 h5 47. g3 Bf5 48. Rb2 b4 49. Rd2 a4 50. Rb2 Be6 51. Rc2 Bd5 0-1

[Event "Thessaloniki-Chalkidiki CupT"]
[Site "Thessaloniki"]
[Date "2019.03.16"]
[Round "2.1"]
[White "Athanasiadis, Mihail"]
[Black "Konstantinidis, Konstantinos"]
[Result "1-0"]
[WhiteElo "1972"]
[BlackElo "1963"]
[PlyCount "119"]
[EventDate "2019.02.09"]
[EventType "team-swiss"]
[EventRounds "5"]
[EventCountry "GRE"]
[SourceTitle "EXT 2021"]
[Source "ChessBase"]
[SourceDate "2020.10.23"]
[SourceVersion "1"]
[SourceVersionDate "2020.10.23"]
[SourceQuality "1"]

1. e4 d6 2. d4 Nf6 3. Nc3 g6 4. f3 c6 5. Be3 b5 6. Qd2 Nbd7 7. Bd3 a6 8. g4 e5 9. g5 Nh5 10. 0-0-0 Qc7 11. Kb1 Bg7 12. dxe5 dxe5 13. Nge2 Bb7 14. Nc1 Nf4 15. Nb3 Ne6 16. Qf2 h5 17. Bf1 0-0 18. Bh3 Rfe8 19. Rd2 a5 20. Rhd1 Bc8 21. Ne2 a4 22. Nbc1 b4 23. Nd3 Rb8 24. f4 exf4 25. Bxe6 Rxe6 26. Bxf4 Ne5 27. Nxe5 Bxe5 28. Rd8+ Kh7 29. Bxe5 Qxe5 30. Qxf7+ Qg7 31. Qf4 a3 32. Nd4 Rb7 33. Rxc8 Rd7 34. e5 Rxe5 35. Rxc6 Rf5 36. Qc1 Rxd4 37. Rc7 Qxc7 38. Rxd4 axb2 39. Qd2 Qg7 40. h4 Rf7 41. Qxb4 Rb7 42. Qd2 Qe7 43. Rd6 Qf7 44. Qd1 Qf5 45. Qd3 Qf7 46. Qd1 Qf5 47. Rd3 Ra7 48. Qh1 Qa5 49. a3 Qe5 50. Rb3 Rc7 51. Rb7 Qc3 52. Rxc7+ Qxc7 53. Qe4 Qc3 54. Qe7+ Kg8 55. Qe8+ Kg7 56. Qd7+ Kg8 57. Qe8+ Kg7 58. Qe7+ Kg8 59. Qb4 Qe5 60. a4 1-0

[Event "Thessaloniki/Chalkidiki-chT"]
[Site "Thessaloniki/Chalkidiki"]
[Date "2019.02.10"]
[Round "4.4"]
[White "Mihalopoulos, Apostolos"]
[Black "Konstantinidis, Konstantinos"]
[Result "1-0"]
[WhiteElo "1656"]
[BlackElo "2056"]
[PlyCount "103"]
[EventDate "2019.01.13"]
[EventType "team-tourn"]
[EventRounds "9"]
[EventCountry "GRE"]
[SourceTitle "EXT 2020"]
[Source "ChessBase"]
[SourceDate "2019.10.17"]
[SourceVersion "1"]
[SourceVersionDate "2019.10.17"]
[SourceQuality "1"]
[WhiteTeam "Kalamarias Han"]
[BlackTeam "Thessaloniki Aris"]
[WhiteTeamCountry "GRE"]
[BlackTeamCountry "GRE"]

1. e4 d6 2. d4 Nf6 3. f3 g6 4. Be3 c6 5. Qd2 Nbd7 6. c4 e5 7. d5 cxd5 8. cxd5 Bg7 9. Nc3 a6 10. b4 Nh5 11. Nge2 f5 12. Ng3 f4 13. Nxh5 Qh4+ 14. g3 Qxh5 15. gxf4 exf4 16. Bd4 Bxd4 17. Qxd4 Ne5 18. Bg2 Qxf3 19. Qxe5+ dxe5 20. Bxf3 Ke7 21. h3 h5 22. h4 Bg4 23. Kf2 Rac8 24. Rac1 Rc4 25. a3 Kf6 26. Ne2 b5 27. Rxc4 bxc4 28. Rc1 Rc8 29. Nc3 g5 30. Bxg4 hxg4 31. h5 g3+ 32. Kf3 g4+ 33. Kxg4 Rg8+ 34. Kf3 Rg5 35. Ne2 Rxh5 36. Rxc4 Rh1 37. Rc1 Rh2 38. Nxg3 Rh3 39. Rg1 fxg3 40. Rxg3 Rh1 41. Ke2 Ra1 42. Rd3 Ke7 43. Rc3 Kd7 44. Kd3 Rd1+ 45. Kc4 Rd4+ 46. Kc5 Rxe4 47. Kb6 Rd4 48. Kxa6 Rxd5 49. b5 e4 50. a4 Rd3 51. Rc1 e3 52. b6 1-0

[Event "Skopje Karposh op"]
[Site "Skopje"]
[Date "2018.03.24"]
[Round "1"]
[White "Dimitrov, Radoslav"]
[Black "Konstantinidis, Konstantinos"]
[Result "1-0"]
[WhiteElo "2493"]
[BlackElo "2014"]
[PlyCount "79"]
[EventDate "2018.03.24"]
[EventType "swiss"]
[EventRounds "9"]
[EventCountry "MKD"]
[SourceTitle "CBM 183 Extra"]
[Source "ChessBase"]
[SourceDate "2018.04.19"]
[SourceVersion "1"]
[SourceVersionDate "2018.04.19"]
[SourceQuality "1"]

1. Nc3 d5 2. e4 d4 3. Nce2 e5 4. Ng3 Be6 5. Bb5+ Nd7 6. Nf3 c6 7. Ba4 Nc5 8. Bb3 Nxb3 9. axb3 f6 10. 0-0 Bd6 11. c3 c5 12. b4 Ne7 13. bxc5 Bxc5 14. d3 0-0 15. cxd4 Bxd4 16. Nxd4 exd4 17. Bd2 Qb6 18. Qa4 Nc6 19. Qa3 f5 20. Rfe1 fxe4 21. Nxe4 Bd5 22. Ba5 Nxa5 23. Qxa5 Bxe4 24. Qxb6 axb6 25. dxe4 Kf7 26. Rad1 Rfd8 27. f4 Ra4 28. Rd3 Rc4 29. Kf2 b5 30. Red1 Ke6 31. b3 Rc2+ 32. R1d2 Rxd2+ 33. Rxd2 g6 34. h4 h5 35. Ke2 Rf8 36. g3 Rd8 37. Kd3 Rd6 38. Rc2 b6 39. Rc7 b4 40. Rg7 1-0

[Event "GRE-chT Div-A 38th"]
[Site "Peristeri"]
[Date "2010.07.09"]
[Round "5"]
[White "Georgiou, Napoleon"]
[Black "Konstantinidis, Konstantinos"]
[Result "1/2-1/2"]
[WhiteElo "1776"]
[BlackElo "2000"]
[PlyCount "61"]
[EventDate "2010.07.05"]
[EventType "team-swiss"]
[EventRounds "7"]
[EventCountry "GRE"]
[SourceTitle "CBM 137 Extra"]
[Source "ChessBase"]
[SourceDate "2010.09.01"]
[SourceVersion "1"]
[SourceVersionDate "2010.09.01"]
[SourceQuality "1"]

1. e4 d6 2. d4 Nf6 3. Nc3 g6 4. Nf3 Bg7 5. Bg5 c6 6. h3 0-0 7. Qd2 b5 8. Qe3 Qa5 9. Bd3 Re8 10. 0-0 e5 11. dxe5 dxe5 12. Rfd1 Nbd7 13. Bf1 Qc7 14. Rd2 Nf8 15. Rad1 Ne6 16. Re1 Nd7 17. Bh6 a5 18. Bxg7 Kxg7 19. Red1 Ndf8 20. Ne2 Bb7 21. Nc1 f6 22. Nb3 Qe7 23. Qc3 a4 24. Nc1 Rec8 25. a3 Rd8 26. Rxd8 Rxd8 27. Rxd8 Qxd8 28. Qd3 Qe7 29. Qe3 Qc5 30. Nd2 Bc8 31. Nd3 1/2-1/2

[Event "GRE-ch U16"]
[Site "Kallithea"]
[Date "2010.06.29"]
[Round "5"]
[White "Vatkali, Dimitra"]
[Black "Konstantinidis, Konstantinos"]
[Result "1-0"]
[WhiteElo "1921"]
[BlackElo "1980"]
[PlyCount "67"]
[EventDate "2010.06.26"]
[EventType "swiss"]
[EventRounds "9"]
[EventCountry "GRE"]
[SourceTitle "CBM 137 Extra"]
[Source "ChessBase"]
[SourceDate "2010.09.01"]
[SourceVersion "1"]
[SourceVersionDate "2010.09.01"]
[SourceQuality "1"]

1. e4 d5 2. exd5 Qxd5 3. Nc3 Qd6 4. d4 Nf6 5. Nf3 a6 6. g3 Bg4 7. Bg2 e6 8. 0-0 Be7 9. Bf4 Qb6 10. Na4 Qa5 11. b3 0-0 12. h3 Bh5 13. g4 Bg6 14. Ne5 Be4 15. Nc4 Qb5 16. Nc3 Qc6 17. Nxe4 Nxe4 18. Ne5 Qc3 19. Bxe4 g5 20. Bg3 f5 21. gxf5 exf5 22. Qd3 Qxd3 23. Bxd3 f4 24. Bh2 Bf6 25. Rfe1 Re8 26. f3 c5 27. c3 cxd4 28. cxd4 Nd7 29. Nxd7 Bxd4+ 30. Kg2 Bxa1 31. Rxa1 Re3 32. Bc4+ Kg7 33. Bg1 Rc3 34. Bd4+ 1-0

[Event "Lefkos Pyrgos op"]
[Site "Lefkos Pyrgos"]
[Date "2010.01.09"]
[Round "7"]
[White "Konstantinidis, Konstantinos"]
[Black "Galopoulos, Panagiotis"]
[Result "1-0"]
[WhiteElo "1985"]
[BlackElo "2093"]
[PlyCount "69"]
[EventDate "2010.01.03"]
[EventType "swiss"]
[EventRounds "9"]
[EventCountry "GRE"]
[SourceTitle "CBM 134 Extra"]
[Source "ChessBase"]
[SourceDate "2010.03.03"]
[SourceVersion "1"]
[SourceVersionDate "2010.03.03"]
[SourceQuality "1"]

1. e4 d5 2. exd5 Qxd5 3. Nc3 Qa5 4. Bc4 Nf6 5. d4 Nc6 6. Nge2 Bf5 7. Bd2 0-0-0 8. Nd5 Qa4 9. b3 Qa3 10. Ne3 Bg6 11. Bb5 Qd6 12. Bxc6 Qxc6 13. c4 e5 14. d5 Qb6 15. Nc3 Ne4 16. Nxe4 Bxe4 17. Qg4+ f5 18. Nxf5 Bd3 19. Nd4+ Kb8 20. Ne6 Bb4 21. Qg5 h6 22. Qe3 Bf5 23. Qxb6 Bxd2+ 24. Kxd2 axb6 25. Nxd8 Rxd8 26. Ke3 c6 27. Rad1 Kc7 28. dxc6 Ra8 29. Rd2 bxc6 30. g4 Be6 31. f3 Ra3 32. Rhd1 Bxc4 33. Rd7+ Kc8 34. Rd8+ Kb7 35. R1d7+ 1-0

[Event "Heraklion op 5th"]
[Site "Heraklion"]
[Date "2009.08.22"]
[Round "1"]
[White "Milonakis, Georgios"]
[Black "Konstantinidis, Konstantinos"]
[Result "1-0"]
[WhiteElo "2118"]
[BlackElo "1930"]
[PlyCount "27"]
[EventDate "2009.08.22"]
[EventType "swiss"]
[EventRounds "9"]
[EventCountry "GRE"]
[SourceTitle "EXT 2010"]
[Source "ChessBase"]
[SourceDate "2010.11.25"]
[SourceVersion "1"]
[SourceVersionDate "2010.11.25"]
[SourceQuality "1"]

1. e4 e5 2. Nf3 Nc6 3. Bb5 a6 4. Ba4 Be7 5. 0-0 b5 6. Bb3 Nf6 7. Re1 0-0 8. h3 Re8 9. d4 exd4 10. e5 Bb7 11. exf6 Bxf6 12. Bf4 Rxe1+ 13. Qxe1 Na5 14. Qxa5 1-0

[Event "Latschach op 25th"]
[Site "Latschach"]
[Date "2009.08.08"]
[Round "1"]
[White "Konstantinidis, Konstantinos"]
[Black "Sulypa, Oleksandr"]
[Result "1-0"]
[WhiteElo "1930"]
[BlackElo "2485"]
[PlyCount "59"]
[EventDate "2009.08.08"]
[EventType "swiss"]
[EventRounds "9"]
[EventCountry "AUT"]
[SourceTitle "CBM 131 Extra"]
[Source "ChessBase"]
[SourceDate "2009.09.03"]
[SourceVersion "2"]
[SourceVersionDate "2009.09.16"]
[SourceQuality "1"]

1. e4 c5 2. Nf3 d6 3. d4 cxd4 4. Nxd4 Nf6 5. Nc3 a6 6. Bg5 e6 7. a4 Be7 8. a5 0-0 9. Be2 h6 10. Be3 Nbd7 11. Nb3 Qc7 12. f4 b5 13. axb6 Nxb6 14. Qd4 Nfd7 15. 0-0 Bb7 16. f5 Bf6 17. Qb4 exf5 18. Rxf5 Rfe8 19. Bd3 Be5 20. Raf1 f6 21. Na5 Bc8 22. Nc4 Rb8 23. Qa5 Qc6 24. Qa2 Nxc4 25. Bxc4+ Kh7 26. Bf7 Rf8 27. Rh5 Nc5 28. Bg8+ Rxg8 29. Qf7 Kh8 30. Bxh6 1-0

[Event "GRE-chT 37th"]
[Site "Kallithea"]
[Date "2009.07.09"]
[Round "9"]
[White "Konstantinidis, Konstantinos"]
[Black "Sourlantzis, Dimitrios"]
[Result "0-1"]
[WhiteElo "1930"]
[BlackElo "1596"]
[PlyCount "62"]
[EventDate "2009.07.03"]
[EventType "team-tourn"]
[EventRounds "9"]
[EventCountry "GRE"]
[SourceTitle "CBM 131 Extra"]
[Source "ChessBase"]
[SourceDate "2009.09.03"]
[SourceVersion "2"]
[SourceVersionDate "2009.09.16"]
[SourceQuality "1"]

1. e4 e5 2. Nf3 Nc6 3. Bb5 a6 4. Ba4 d6 5. 0-0 Bd7 6. c3 g6 7. d4 Bg7 8. dxe5 dxe5 9. Bb3 Nge7 10. Nbd2 0-0 11. Re1 h6 12. Nf1 Kh8 13. Ng3 Qe8 14. Be3 f5 15. exf5 gxf5 16. Bc5 b6 17. Bxe7 Qxe7 18. Nh5 Rad8 19. Qd5 Be8 20. Qc4 b5 21. Qe6 Qxe6 22. Bxe6 Bxh5 23. Nh4 Ne7 24. f4 e4 25. h3 Rd6 26. g4 Rxe6 27. gxh5 Bf6 28. Nf3 Rd6 29. Ne5 Bxe5 30. fxe5 Rd5 31. Rad1 Rfd8 0-1